[Event "34th European Club Cup 2018"]
[Site "Halkidiki"]
[Date "2018.10.18"]
[Round "7"]
[White "Mastrovasilis, Dimitrios"]
[Black "Werle, Jan"]
[Result "1-0"]
[WhiteElo "2595"]
[BlackElo "2527"]
[Annotator "TA"]
[PlyCount "121"]
[EventDate "2018.10.12"]
[EventType "team-tourn"]
[EventCountry "GRE"]
[SourceTitle "playchess.com"]
[Source "ChessBase"]
[SourceQuality "1"]
[WhiteTeam "Thessalonikis"]
[BlackTeam "Bremen"]

1. e4 e6 2. d4 d5 3. Nc3 Nf6 4. Bg5 dxe4 5. Nxe4 Nbd7 6. Nf3 Be7 7. Nxf6+ Bxf6 8. Qd2 Bxg5 9. Nxg5 Nf6 10. Be2 O-O 11. O-O h6 12. Nf3 b6 13. Rfd1 Bb7 14. c4 Qe7 15. Qe3 Rad8 16. Rd3 Rfe8 17. Rad1 Nd7 18. h3 c5 19. a3 Ba8 20. dxc5 Nxc5 21. Rxd8 Rxd8 22. Rxd8+ Qxd8 23. b4 Nd7 24. Ne5 Nxe5 25. Qxe5 g6 26. c5 h5 27. b5 bxc5 28. Qxc5 Qb8 29. a4 Bd5 30. a5 Qe5 31. Bf1 Qa1 32. b6 axb6 33. axb6 Qb1 34. Qb5 Qe4 35. Qd3 Qb4 36. Qb5 Qe4 37. Qb2 Bb7 38. Qe2 Qb1 39. Qb5 Qxb5 40. Bxb5 Kf8 41. h4 Ke7 42. f3 Kd6 43. Be8 Ke7 44. Bb5 Kd6 45. Kf2 Bc6 46. Ba6 Bd5 47. Bb5 Bc6 48. Ba6 Bd5 49. Ke3 f6 50. Bd3 g5 51. hxg5 fxg5 52. Be4 Bc4 53. f4 gxf4+ 54. Kxf4 Be2 55. g3 Bd1 56. Kg5 Be2 57. Kf6 Bg4 58. Bg2 Bf5 59. Bf3 Bd3 60. b7 Kc7 61. Kxe6 1-0

[Event "34th European Club Cup 2018"]
[Site "Halkidiki"]
[Date "2018.10.18"]
[Round "7"]
[White "Ivanisevic, Ivan"]
[Black "Bauer, Christian"]
[Result "1/2-1/2"]
[WhiteElo "2583"]
[BlackElo "2626"]
[Annotator "TA"]
[PlyCount "63"]
[EventDate "2018.10.12"]
[EventType "team-tourn"]
[EventCountry "GRE"]
[SourceTitle "playchess.com"]
[Source "ChessBase"]
[SourceQuality "1"]
[WhiteTeam "Sloven Ruma"]
[BlackTeam "Zurich"]

1. d4 e6 2. c4 Bb4+ 3. Nd2 Nf6 4. Ngf3 a5 5. a3 Be7 6. g3 d5 7. Bg2 O-O 8. O-O c6 9. Re1 Ne4 10. Qc2 f5 11. Ne5 Nd7 12. Nd3 Bf6 13. e3 Nb6 14. c5 Nd7 15. f3 Nxd2 16. Bxd2 e5 17. e4 fxe4 18. fxe4 dxe4 19. Bxe4 Kh8 20. Bxh7 Kxh7 21. dxe5 Be7 22. e6 Nf6 23. Nf4+ Kg8 24. Ng6 Re8 25. Rad1 Bxe6 26. Rxe6 Bxc5+ 27. Be3 Bxe3+ 28. Rxe3 Rxe3 29. Rxd8+ Rxd8 30. Qc4+ Kh7 31. Qf7 Rd2 32. Nf8+ 1/2-1/2

[Event "34th European Club Cup 2018"]
[Site "Halkidiki"]
[Date "2018.10.18"]
[Round "7"]
[White "Agrest, Evgenij"]
[Black "Beerdsen, Thomas"]
[Result "0-1"]
[WhiteElo "2580"]
[BlackElo "2460"]
[Annotator "TA"]
[PlyCount "140"]
[EventDate "2018.10.12"]
[EventType "team-tourn"]
[EventCountry "GRE"]
[SourceTitle "playchess.com"]
[Source "ChessBase"]
[SourceQuality "1"]
[WhiteTeam "Team Viking"]
[BlackTeam "Apeldoorn"]

1. d4 d5 2. Bf4 c5 3. e3 cxd4 4. exd4 Nc6 5. c3 f6 6. Nf3 g5 7. Bg3 Bg7 8. Na3 a6 9. Nd2 Nh6 10. Bd3 e5 11. dxe5 fxe5 12. Qh5+ Nf7 13. h4 e4 14. Bc2 Bf5 15. hxg5 Bg6 16. Qg4 Qe7 17. O-O Nfe5 18. Qe2 Qxg5 19. Bb3 O-O-O 20. Qe3 Qxe3 21. fxe3 Nd3 22. Rab1 Bh6 23. Nc2 Bg5 24. Bf4 Nxf4 25. exf4 Be7 26. Ne3 Bc5 27. Rfe1 Ne7 28. Bd1 Rhf8 29. Nb3 Bxe3+ 30. Rxe3 Rxf4 31. Nd4 Kd7 32. g3 Rf6 33. Bg4+ Kd6 34. Rd1 Nc6 35. Nc2 Ke5 36. Ree1 Bf7 37. Rf1 Rxf1+ 38. Rxf1 Be6 39. Bxe6 Kxe6 40. Rf4 Rg8 41. Kg2 Rg7 42. Rh4 Rd7 43. Kf2 Ne5 44. Rh6+ Kf5 45. Rh5+ Kf6 46. Ne3 d4 47. cxd4 Rxd4 48. Ke2 Nf3 49. Rh6+ Kg5 50. Rb6 Rd2+ 51. Kf1 Nh2+ 52. Ke1 Nf3+ 53. Kf1 Rd7 54. Re6 Rd3 55. Nc4 Kf5 56. Rb6 Nd4 57. Rxb7 e3 58. Nxe3+ Rxe3 59. Rxh7 Rxg3 60. Rh6 Rg6 61. Rh3 Rb6 62. b3 Rc6 63. Ke1 Rc2 64. Rh5+ Ke4 65. Ra5 Ke3 66. Kd1 Rh2 67. Kc1 Kd3 68. Kb1 Nb5 69. Rxa6 Nc3+ 70. Ka1 Kc2 0-1

[Event "34th European Club Cup 2018"]
[Site "Halkidiki"]
[Date "2018.10.18"]
[Round "7"]
[White "Sokolov, Ivan"]
[Black "Thorfinnsson, Bragi"]
[Result "1-0"]
[WhiteElo "2573"]
[BlackElo "2433"]
[Annotator "TA"]
[PlyCount "67"]
[EventDate "2018.10.12"]
[EventType "team-tourn"]
[EventCountry "GRE"]
[SourceTitle "playchess.com"]
[Source "ChessBase"]
[SourceQuality "1"]
[WhiteTeam "KGSRL"]
[BlackTeam "Reykjavik"]

1. d4 e6 2. c4 b6 3. a3 Bb7 4. Nc3 f5 5. d5 Bd6 6. e4 Nf6 7. exf5 O-O 8. Nf3 exd5 9. cxd5 Qe8+ 10. Be2 Ba6 11. O-O Bxe2 12. Nxe2 Qe4 13. Nc3 Qxf5 14. Nd4 Qg6 15. h3 Na6 16. b4 Rae8 17. Ra2 Ne4 18. Nxe4 Qxe4 19. Nf3 Qg6 20. Re2 c5 21. dxc6 dxc6 22. Nh4 Qf6 23. Bb2 Be5 24. Qb3+ Kh8 25. Rxe5 Rxe5 26. Nf3 Qe6 27. Qc3 Rxf3 28. Qxf3 Rf5 29. Qg4 Qg6 30. Rd1 Rf8 31. Qxg6 hxg6 32. Rd7 Rg8 33. Rxa7 Nb8 34. Rb7 1-0

[Event "34th European Club Cup 2018"]
[Site "Halkidiki"]
[Date "2018.10.18"]
[Round "7"]
[White "Huzman, Alexander"]
[Black "Jakovenko, Dmitry"]
[Result "0-1"]
[WhiteElo "2571"]
[BlackElo "2752"]
[Annotator "TA"]
[PlyCount "70"]
[EventDate "2018.10.12"]
[EventType "team-tourn"]
[EventCountry "GRE"]
[SourceTitle "playchess.com"]
[Source "ChessBase"]
[SourceQuality "1"]
[WhiteTeam "Beer Sheva"]
[BlackTeam "Alkaloid"]

1. Nf3 Nf6 2. c4 e6 3. d4 d5 4. e3 Be7 5. b3 O-O 6. Bb2 c5 7. cxd5 Nxd5 8. Nbd2 Nd7 9. Bc4 cxd4 10. Nxd4 N7b6 11. Bd3 g6 12. N2f3 Bb4+ 13. Kf1 Qe7 14. a3 Bc3 15. Bxc3 Nxc3 16. Qd2 Ncd5 17. e4 e5 18. exd5 exd4 19. Re1 Qf6 20. h4 Bg4 21. Ne5 h5 22. Nxg4 hxg4 23. h5 g5 24. Qe2 g3 25. f3 Nxd5 26. Qe4 Rfd8 27. Rh3 Ne3+ 28. Kg1 Qf4 29. Qh7+ Kf8 30. h6 Ke7 31. Rh5 Rh8 32. Qe4+ Qxe4 33. Bxe4 Kf6 34. Rh3 Rad8 35. Bd3 Rc8 0-1

[Event "34th European Club Cup 2018"]
[Site "Halkidiki"]
[Date "2018.10.18"]
[Round "7"]
[White "Naumann, Alexander"]
[Black "Bremner, Adam"]
[Result "1-0"]
[WhiteElo "2546"]
[BlackElo "2212"]
[Annotator "TA"]
[PlyCount "93"]
[EventDate "2018.10.12"]
[EventType "team-tourn"]
[EventCountry "GRE"]
[SourceTitle "playchess.com"]
[Source "ChessBase"]
[SourceQuality "1"]
[WhiteTeam "Solingen"]
[BlackTeam "Grantham"]

1. e4 e5 2. Nf3 Nc6 3. Bb5 Nf6 4. d3 d6 5. c3 g6 6. O-O Bg7 7. Nbd2 O-O 8. Re1 Bd7 9. Nf1 Nh5 10. a4 Qe8 11. d4 Kh8 12. Ng3 Nxg3 13. hxg3 a6 14. Bc4 Bg4 15. dxe5 Nxe5 16. Be2 Nxf3+ 17. gxf3 Be6 18. f4 Qd7 19. Bf3 c6 20. Be3 f5 21. exf5 gxf5 22. Bd4 d5 23. Bxg7+ Kxg7 24. Qd4+ Kg8 25. Re5 Rae8 26. Rae1 Qf7 27. Qd1 Qd7 28. c4 Bf7 29. cxd5 Rxe5 30. Rxe5 Rd8 31. Qd3 Be6 32. Qe3 Bxd5 33. Bxd5+ cxd5 34. Re7 Qd6 35. Rxb7 d4 36. Qb3+ Qd5 37. Qxd5+ Rxd5 38. Kf1 d3 39. Ke1 Rc5 40. Kd2 Rc2+ 41. Kxd3 Rxf2 42. Ke3 Rg2 43. Kf3 Rd2 44. a5 Kf8 45. b4 Ra2 46. Rxh7 Ke8 47. Rh5 1-0

[Event "34th European Club Cup 2018"]
[Site "Halkidiki"]
[Date "2018.10.18"]
[Round "7"]
[White "Lomasov, Semyon"]
[Black "Brunello, Sabino"]
[Result "1-0"]
[WhiteElo "2540"]
[BlackElo "2548"]
[Annotator "TA"]
[PlyCount "93"]
[EventDate "2018.10.12"]
[EventType "team-tourn"]
[EventCountry "GRE"]
[SourceTitle "playchess.com"]
[Source "ChessBase"]
[SourceQuality "1"]
[WhiteTeam "Molodezhka"]
[BlackTeam "Padova"]

1. e4 e5 2. Nf3 Nc6 3. d4 exd4 4. Nxd4 Bc5 5. Be3 Qf6 6. c3 Nge7 7. Bb5 O-O 8. O-O Bb6 9. a4 Qg6 10. Bd3 Bxd4 11. cxd4 Nb4 12. Nc3 Nxd3 13. Qxd3 d5 14. f3 c6 15. Qd2 Be6 16. Rae1 dxe4 17. fxe4 Rad8 18. Rf3 f6 19. Qf2 Rfe8 20. h3 b6 21. b4 Bc4 22. b5 cxb5 23. axb5 Rd7 24. d5 Qh5 25. g4 Qg6 26. Kh2 Nc8 27. Bf4 a6 28. bxa6 Bxa6 29. Qa2 Ra7 30. Bb8 Rb7 31. Bg3 Ra7 32. Qb3 h5 33. gxh5 Qxh5 34. d6+ Qf7 35. Nd5 Re6 36. e5 Bb7 37. Rd3 Bxd5 38. Qxd5 Rd7 39. Rc3 Ne7 40. Qa8+ Kh7 41. dxe7 Rdxe7 42. Rf1 Qg6 43. Rc4 Qd3 44. Rh4+ Kg6 45. Qg8 Qxf1 46. Rg4+ Kf5 47. Qh7+ 1-0

[Event "34th European Club Cup 2018"]
[Site "Halkidiki"]
[Date "2018.10.18"]
[Round "7"]
[White "Noe, Christopher"]
[Black "Aabling-Thomsen, Jakob"]
[Result "1-0"]
[WhiteElo "2530"]
[BlackElo "2388"]
[Annotator "TA"]
[PlyCount "61"]
[EventDate "2018.10.12"]
[EventType "team-tourn"]
[EventCountry "GRE"]
[SourceTitle "playchess.com"]
[Source "ChessBase"]
[SourceQuality "1"]
[WhiteTeam "Echternach"]
[BlackTeam "Bronshoj"]

1. d4 f5 2. c4 Nf6 3. Nc3 g6 4. h4 d6 5. Bg5 Bg7 6. Qd2 Nc6 7. e3 O-O 8. Bxf6 Bxf6 9. h5 e5 10. hxg6 hxg6 11. Nf3 e4 12. Ng1 Re8 13. Nge2 Be6 14. Nf4 Bf7 15. g4 Ne7 16. O-O-O c5 17. gxf5 cxd4 18. Nxe4 Nxf5 19. Nxf6+ Qxf6 20. exd4 b5 21. Nd5 Bxd5 22. cxd5 Re4 23. Bd3 Rxd4 24. Rdg1 Rc8+ 25. Kb1 Rc7 26. Qe2 Re7 27. Qc2 Rh7 28. Qc8+ Kg7 29. Qd7+ Ne7 30. Rxg6+ Qxg6 31. Rxh7+ 1-0

[Event "34th European Club Cup 2018"]
[Site "Halkidiki"]
[Date "2018.10.18"]
[Round "7"]
[White "Babula, Vlastimil"]
[Black "Mastrovasilis, Athanasios"]
[Result "1-0"]
[WhiteElo "2522"]
[BlackElo "2503"]
[Annotator "TA"]
[PlyCount "81"]
[EventDate "2018.10.12"]
[EventType "team-tourn"]
[EventCountry "GRE"]
[SourceTitle "playchess.com"]
[Source "ChessBase"]
[SourceQuality "1"]
[WhiteTeam "Bremen"]
[BlackTeam "Thessalonikis"]

1. d4 d5 2. c4 e6 3. Nc3 a6 4. cxd5 exd5 5. Bf4 Nf6 6. e3 Bd6 7. Bg3 Bf5 8. Nf3 O-O 9. Be2 Bxg3 10. hxg3 Qd6 11. Ne5 Nc6 12. g4 Bg6 13. f4 Ne4 14. f5 Nxe5 15. Nxe4 dxe4 16. dxe5 Qxe5 17. O-O Rad8 18. Qc2 Rd6 19. fxg6 hxg6 20. Rf4 Rc6 21. Qb3 g5 22. Rf5 Qg3 23. Rxg5 Rc2 24. Qxc2 Qxe3+ 25. Kf1 Qxg5 26. Qxe4 Qf6+ 27. Kg1 Qxb2 28. Rb1 Qd2 29. Bd3 Rd8 30. Bc2 Qc3 31. Rxb7 g6 32. Rb1 Qc5+ 33. Kh2 Rd4 34. Qe8+ Kg7 35. Rb8 Kf6 36. Bb3 Qd6+ 37. g3 Kg5 38. Qxf7 Rd2+ 39. Kh3 Rh2+ 40. Kxh2 Qd2+ 41. Kh3 1-0

[Event "34th European Club Cup 2018"]
[Site "Halkidiki"]
[Date "2018.10.18"]
[Round "7"]
[White "Rozentalis, Eduardas"]
[Black "Petursson, Margeir"]
[Result "1/2-1/2"]
[WhiteElo "2522"]
[BlackElo "2486"]
[Annotator "TA"]
[PlyCount "97"]
[EventDate "2018.10.12"]
[EventType "team-tourn"]
[EventCountry "GRE"]
[SourceTitle "playchess.com"]
[Source "ChessBase"]
[SourceQuality "1"]
[WhiteTeam "KGSRL"]
[BlackTeam "Reykjavik"]

1. e4 c5 2. Nf3 d6 3. Bb5+ Bd7 4. c4 Nf6 5. Nc3 g6 6. d4 cxd4 7. Nxd4 Bg7 8. Bxd7+ Qxd7 9. b3 Nc6 10. Bb2 O-O 11. O-O Rfc8 12. Re1 Qd8 13. Nd5 Ne8 14. Qd2 Be5 15. Rad1 e6 16. Nxc6 bxc6 17. Ne3 Qg5 18. g3 Rd8 19. Kg2 h5 20. Qa5 c5 21. h4 Qf6 22. Bxe5 Qxe5 23. Nf1 Qf6 24. Nh2 Qe7 25. Nf3 Qb7 26. e5 Rac8 27. Qc3 d5 28. cxd5 Rxd5 29. Rxd5 Qxd5 30. Re2 Ng7 31. Rd2 Qc6 32. Rd6 Qb7 33. Qd3 Nf5 34. Rd7 Rc7 35. Rd8+ Kg7 36. Kh2 Rc8 37. Ng5 Nd4 38. Rxc8 Qxc8 39. Qe4 Qa6 40. Kg2 Nf5 41. Kg1 Qb6 42. Qa8 Nh6 43. Qe8 Qb7 44. Qd8 Ng4 45. Qd6 Qb4 46. Kg2 Qb7+ 47. Kg1 Qb4 48. Nxe6+ fxe6 49. Qe7+ 1/2-1/2

[Event "34th European Club Cup 2018"]
[Site "Halkidiki"]
[Date "2018.10.18"]
[Round "7"]
[White "Stojanovic, Mihajlo"]
[Black "Hammes, Michael"]
[Result "1-0"]
[WhiteElo "2522"]
[BlackElo "2335"]
[Annotator "TA"]
[PlyCount "67"]
[EventDate "2018.10.12"]
[EventType "team-tourn"]
[EventCountry "GRE"]
[SourceTitle "playchess.com"]
[Source "ChessBase"]
[SourceQuality "1"]
[WhiteTeam "Itaka"]
[BlackTeam "Eynatten"]

1. d4 e6 2. c4 Nf6 3. Nc3 Bb4 4. Qc2 O-O 5. a3 Bxc3+ 6. Qxc3 d5 7. Nf3 dxc4 8. Qxc4 b6 9. Bg5 Ba6 10. Qc2 h6 11. Bf4 Nd5 12. Bg3 c5 13. e4 Bxf1 14. Rxf1 Nf6 15. O-O-O cxd4 16. Nxd4 Qc8 17. f3 Qxc2+ 18. Kxc2 Rc8+ 19. Kb1 a6 20. Rc1 Nbd7 21. Nc6 Kf8 22. Rfd1 Ke8 23. Rd6 Nh5 24. Bf2 Rc7 25. Rcd1 Rac8 26. Nb4 a5 27. Na2 Rb7 28. Nc3 Nc5 29. Nb5 Ke7 30. Rc1 Nf4 31. b4 axb4 32. axb4 Rcb8 33. Rc2 Nfd3 34. bxc5 1-0

[Event "34th European Club Cup 2018"]
[Site "Halkidiki"]
[Date "2018.10.18"]
[Round "7"]
[White "Burg, Twan"]
[Black "Jepson, Christian"]
[Result "1/2-1/2"]
[WhiteElo "2517"]
[BlackElo "2413"]
[Annotator "TA"]
[PlyCount "91"]
[EventDate "2018.10.12"]
[EventType "team-tourn"]
[EventCountry "GRE"]
[SourceTitle "playchess.com"]
[Source "ChessBase"]
[SourceQuality "1"]
[WhiteTeam "Echiquier Amaytois"]
[BlackTeam "Nordkalotten"]

1. e4 d6 2. d4 Nf6 3. Nc3 g6 4. Bg5 c6 5. Qd2 Nbd7 6. f4 d5 7. e5 Ne4 8. Nxe4 dxe4 9. Ne2 f6 10. Bh4 Bh6 11. g4 Nb6 12. g5 fxg5 13. Bxg5 Bxg5 14. fxg5 Bg4 15. Rg1 Qd7 16. O-O-O O-O 17. Re1 Rad8 18. Nf4 Bf5 19. Rd1 Bg4 20. Re1 Bf5 21. Rd1 Bg4 22. Re1 Qf5 23. Ng2 Qf2 24. Qxf2 Rxf2 25. c3 Be6 26. Rxe4 Rdf8 27. Re1 Na4 28. Be2 Nxb2 29. Kxb2 Bc4 30. Ne3 Bxe2 31. Rg2 Rxg2 32. Nxg2 Rf2 33. Ne3 Bc4+ 34. Ka3 Rxa2+ 35. Kb4 Be2 36. c4 e6 37. Kc5 Kf7 38. Rb1 b6+ 39. Kxc6 Ra3 40. Nf1 Bxc4 41. Nd2 Bd5+ 42. Kd7 Rd3 43. Rf1+ Kg7 44. Ke7 Rxd2 45. Rf7+ Kg8 46. Rf8+ 1/2-1/2

[Event "34th European Club Cup 2018"]
[Site "Halkidiki"]
[Date "2018.10.18"]
[Round "7"]
[White "Jakubiec, Artur"]
[Black "Dionisi, Thomas"]
[Result "1/2-1/2"]
[WhiteElo "2508"]
[BlackElo "2398"]
[Annotator "TA"]
[PlyCount "82"]
[EventDate "2018.10.12"]
[EventType "team-tourn"]
[EventCountry "GRE"]
[SourceTitle "playchess.com"]
[Source "ChessBase"]
[SourceQuality "1"]
[WhiteTeam "Wirtzfeld"]
[BlackTeam "Bois-Colombes"]

1. d4 g6 2. e4 Bg7 3. Nc3 c6 4. f4 d5 5. e5 Nh6 6. Be3 f6 7. Qd2 Ng4 8. O-O-O O-O 9. Nf3 Nxe3 10. Qxe3 Bg4 11. Be2 Nd7 12. Ng5 fxg5 13. Bxg4 gxf4 14. Qd3 c5 15. Rhe1 cxd4 16. Qxd4 Nb6 17. Nxd5 Nxd5 18. Qxd5+ Qxd5 19. Rxd5 Rad8 20. Bd7 Kh8 21. Rd3 e6 22. Rd6 f3 23. gxf3 Bh6+ 24. Kb1 Rxf3 25. Bxe6 Rxd6 26. exd6 Re3 27. Rxe3 Bxe3 28. a4 Kg7 29. d7 Bg5 30. Bd5 b6 31. Ka2 Kf8 32. h3 Ke7 33. Bc6 Kd6 34. Bb5 Bf6 35. Kb3 g5 36. Kc4 h5 37. Kd3 Kc7 38. b3 g4 39. hxg4 hxg4 40. Ke4 g3 41. Kf3 Be5 1/2-1/2

[Event "34th European Club Cup 2018"]
[Site "Halkidiki"]
[Date "2018.10.18"]
[Round "7"]
[White "Blomqvist, Erik"]
[Black "Ris, Robert"]
[Result "0-1"]
[WhiteElo "2499"]
[BlackElo "2435"]
[Annotator "ChessBase"]
[PlyCount "68"]
[EventDate "2018.10.12"]
[EventType "team-tourn"]
[EventCountry "GRE"]
[SourceTitle "playchess.com"]
[Source "ChessBase"]
[SourceQuality "1"]
[WhiteTeam "Nordstrand"]
[BlackTeam "BSG"]

1. Nf3 d5 2. g3 g6 3. Bg2 Bg7 4. d4 Nf6 5. O-O O-O 6. c4 dxc4 7. Na3 c5 8. dxc5 c3 9. Nb5 Na6 10. Nxc3 Nxc5 11. Be3 Nfe4 12. Nxe4 Nxe4 13. Bd4 Bf5 14. Rc1 Qa5 15. Bxg7 Kxg7 16. Nd4 Rfd8 17. e3 Nd6 18. Nxf5+ Qxf5 19. Qa4 Rdc8 20. Rxc8 Rxc8 21. Qxa7 Qf6 22. b3 Rc2 23. a4 Qc3 24. Bxb7 Qc7 25. Qd4+ e5 26. Qxe5+ f6 27. Qe6 Nxb7 28. Rd1 Nc5 29. Qg4 Qc6 30. a5 h5 31. Qb4 Qf3 32. Rf1 h4 33. Qxh4 Nd3 34. g4 Nxf2 0-1

[Event "34th European Club Cup 2018"]
[Site "Halkidiki"]
[Date "2018.10.18"]
[Round "7"]
[White "Speelman, Jon S"]
[Black "Arnaudov, G. Petar"]
[Result "1-0"]
[WhiteElo "2496"]
[BlackElo "2452"]
[Annotator "TA"]
[PlyCount "57"]
[EventDate "2018.10.12"]
[EventType "team-tourn"]
[EventCountry "GRE"]
[SourceTitle "playchess.com"]
[Source "ChessBase"]
[SourceQuality "1"]
[WhiteTeam "Wood Green"]
[BlackTeam "Asseco SEE"]

1. d4 Nf6 2. Nf3 e6 3. c4 d5 4. g3 Be7 5. Bg2 O-O 6. O-O dxc4 7. Qc2 b5 8. a4 b4 9. Nfd2 b3 10. Qxc4 Ba6 11. Qxb3 c6 12. Nc3 Qxd4 13. Nf3 Qb6 14. Qxb6 axb6 15. Rd1 Nd5 16. Nd4 Bb7 17. e4 Nb4 18. Bf4 N8a6 19. Nf5 Bc5 20. Nd6 Bxd6 21. Bxd6 Rfd8 22. e5 Nd5 23. Nxd5 cxd5 24. b4 Rdc8 25. Rdc1 Nb8 26. Rxc8+ Bxc8 27. Rc1 Bd7 28. Rc7 Be8 29. Rc8 1-0

[Event "34th European Club Cup 2018"]
[Site "Halkidiki"]
[Date "2018.10.18"]
[Round "7"]
[White "Greenfeld, Alon"]
[Black "Kryvoruchko, Yuriy"]
[Result "1/2-1/2"]
[WhiteElo "2495"]
[BlackElo "2697"]
[Annotator "TA"]
[PlyCount "75"]
[EventDate "2018.10.12"]
[EventType "team-tourn"]
[EventCountry "GRE"]
[SourceTitle "playchess.com"]
[Source "ChessBase"]
[SourceQuality "1"]
[WhiteTeam "Beer Sheva"]
[BlackTeam "Alkaloid"]

1. d4 Nf6 2. c4 e6 3. g3 d5 4. Bg2 dxc4 5. Nf3 a6 6. O-O Nc6 7. e3 Rb8 8. Qe2 b5 9. b3 cxb3 10. axb3 Bd6 11. Bb2 O-O 12. Ne5 Nb4 13. Ba3 Rb6 14. Rc1 a5 15. Bxb4 Bxb4 16. Nc6 Qd6 17. Nxb4 axb4 18. Qc2 e5 19. dxe5 Qxe5 20. Nd2 Bf5 21. Qxc7 Qxc7 22. Rxc7 Be6 23. Rc6 Rbb8 24. Rd6 Rfd8 25. Rxd8+ Rxd8 26. Nf3 Bxb3 27. Nd4 Bc4 28. Nc6 Re8 29. Nxb4 g6 30. Nc6 Ne4 31. Ra7 Nc3 32. h3 Re6 33. Rd7 Re8 34. g4 Kg7 35. Ra7 Re6 36. Rd7 Re8 37. Ra7 Re6 38. Rd7 1/2-1/2

[Event "34th European Club Cup 2018"]
[Site "Halkidiki"]
[Date "2018.10.18"]
[Round "7"]
[White "Zumsande, Martin"]
[Black "Kalogeris, Ioannis"]
[Result "1/2-1/2"]
[WhiteElo "2492"]
[BlackElo "2351"]
[Annotator "TA"]
[PlyCount "159"]
[EventDate "2018.10.12"]
[EventType "team-tourn"]
[EventCountry "GRE"]
[SourceTitle "playchess.com"]
[Source "ChessBase"]
[SourceQuality "1"]
[WhiteTeam "Bremen"]
[BlackTeam "Thessalonikis"]

1. e4 c5 2. c3 Nf6 3. e5 Nd5 4. d4 cxd4 5. cxd4 e6 6. Nc3 d6 7. f4 dxe5 8. fxe5 Bb4 9. Qd3 f6 10. exf6 Nxf6 11. Nf3 Nc6 12. Be2 O-O 13. O-O e5 14. Be3 exd4 15. Qc4+ Kh8 16. Nxd4 Qe7 17. Nd5 Nxd5 18. Rxf8+ Qxf8 19. Qxd5 Qc5 20. Qe4 Qe5 21. Qxe5 Nxe5 22. Rc1 Bg4 23. Rc7 b6 24. h3 Bd6 25. Rc2 Bd7 26. Nb5 Bf8 27. Rc7 a6 28. Nc3 b5 29. Bd4 Nc6 30. Bf3 Rd8 31. Bxc6 Bxc6 32. Rxc6 Rxd4 33. Rxa6 b4 34. Nb5 Rd2 35. b3 Kg8 36. Ra8 Kf7 37. Kh2 h5 38. Kg3 Rd5 39. Rb8 Bc5 40. Kf3 Rd2 41. Rb7+ Kf6 42. Rc7 Be7 43. Ra7 h4 44. Nc7 Bc5 45. Ra5 Bg1 46. Nd5+ Kf7 47. Nf4 Rf2+ 48. Kg4 Bh2 49. Rf5+ Kg8 50. Nd5 Rxg2+ 51. Kxh4 Bd6 52. Rg5 Rd2 53. Nf6+ Kf8 54. Rd5 Rxd5 55. Nxd5 Kf7 56. Kg5 Ke6 57. Ne3 Bc5 58. Nc2 Ke5 59. Kg6 Ke4 60. Kxg7 Kd3 61. Ne1+ Kc3 62. Kf7 Bf2 63. Nf3 Kb2 64. Ne5 Bd4 65. Nd3+ Kc3 66. Nf4 Kb2 67. Nd3+ Kc3 68. Nxb4 Kxb4 69. Ke6 Ka3 70. Kd5 Bf2 71. Kc6 Be1 72. Kc5 Bf2+ 73. Kc6 Be1 74. Kb5 Kxa2 75. Ka4 Kb2 76. b4 Kc3 77. b5 Bf2 78. Ka5 Kd3 79. b6 Bxb6+ 80. Kxb6 1/2-1/2

[Event "34th European Club Cup 2018"]
[Site "Halkidiki"]
[Date "2018.10.18"]
[Round "7"]
[White "Admiraal, Miguoel"]
[Black "Petenyi, Tamas"]
[Result "0-1"]
[WhiteElo "2491"]
[BlackElo "2444"]
[Annotator "TA"]
[PlyCount "122"]
[EventDate "2018.10.12"]
[EventType "team-tourn"]
[EventCountry "GRE"]
[SourceTitle "playchess.com"]
[Source "ChessBase"]
[SourceQuality "1"]
[WhiteTeam "Deloitte"]
[BlackTeam "Dunajska Streda"]

1. d4 Nf6 2. Bg5 Ne4 3. Bf4 d6 4. Nd2 Nf6 5. e4 g6 6. Ngf3 Bg7 7. h3 O-O 8. c3 Nc6 9. Be2 Nd7 10. O-O e5 11. Be3 h6 12. dxe5 Ndxe5 13. Nxe5 Nxe5 14. a4 Qe7 15. a5 a6 16. Bd4 f5 17. exf5 Bxf5 18. Nf3 Kh7 19. Re1 Rad8 20. Qb3 c5 21. Bxe5 dxe5 22. Bc4 Bxh3 23. Bd5 Bg4 24. Re3 Bxf3 25. Bxf3 Rd2 26. Rd1 Rfd8 27. Rxd2 Rxd2 28. Re1 Qd8 29. Qxb7 Qxa5 30. Be4 Rd6 31. Bd5 Qd8 32. c4 Rb6 33. Qa7 Rxb2 34. Qxc5 Bf8 35. Qa7+ Kh8 36. Qxa6 Bc5 37. Rf1 Qf8 38. Qa8 Bxf2+ 39. Kh1 Qxa8 40. Bxa8 Kg7 41. Be4 Re2 42. Bf3 Rc2 43. Bd5 h5 44. Kh2 g5 45. c5 g4 46. c6 Kh6 47. c7 g3+ 48. Kh3 Rxc7 49. Ra1 Kg5 50. Rb1 Rc5 51. Be4 Rc4 52. Rb5 Rxe4 53. Rxe5+ Kf4 54. Rf5+ Ke3 55. Rxh5 Ke2 56. Ra5 Re7 57. Rh5 Kf1 58. Rh4 Kg1 59. Rh5 Kh1 60. Rh4 Re1 61. Ra4 Rg1 0-1

[Event "34th European Club Cup 2018"]
[Site "Halkidiki"]
[Date "2018.10.18"]
[Round "7"]
[White "Sulypa, Oleksandr"]
[Black "Demuth, Adrien"]
[Result "1/2-1/2"]
[WhiteElo "2487"]
[BlackElo "2529"]
[Annotator "ChessBase"]
[PlyCount "70"]
[EventDate "2018.10.12"]
[EventType "team-tourn"]
[EventCountry "GRE"]
[SourceTitle "playchess.com"]
[Source "ChessBase"]
[SourceQuality "1"]
[WhiteTeam "Reykjavik"]
[BlackTeam "KGSRL"]

1. d4 f5 2. c4 Nf6 3. Nc3 d6 4. Nf3 g6 5. g3 Bg7 6. Bg2 O-O 7. O-O c6 8. d5 e5 9. dxe6 Bxe6 10. Bf4 Bxc4 11. Bxd6 Re8 12. Ne5 Be6 13. Qd3 Nbd7 14. Nxd7 Qxd7 15. Rad1 Ne4 16. Nxe4 fxe4 17. Qc2 Bd5 18. Bc5 Qe6 19. b3 a6 20. Be3 Re7 21. Rd2 Rae8 22. Bc5 Rf7 23. Be3 Rfe7 24. Bc5 Rf7 25. Be3 h6 26. Bd4 Bf8 27. Bc5 Bg7 28. Bd4 Bf8 29. Bc5 h5 30. Bxf8 Rexf8 31. Rd4 Rxf2 32. Rxf2 Rxf2 33. Kxf2 Qf6+ 34. Ke3 Qg5+ 35. Kf2 Qf6+ 1/2-1/2

[Event "34th European Club Cup 2018"]
[Site "Halkidiki"]
[Date "2018.10.18"]
[Round "7"]
[White "Swinkels, Robin"]
[Black "Rosenkilde, Alexander"]
[Result "1-0"]
[WhiteElo "2486"]
[BlackElo "2239"]
[Annotator "TA"]
[PlyCount "59"]
[EventDate "2018.10.12"]
[EventType "team-tourn"]
[EventCountry "GRE"]
[SourceTitle "playchess.com"]
[Source "ChessBase"]
[SourceQuality "1"]
[WhiteTeam "Aachen"]
[BlackTeam "Jetsmark"]

1. e4 c5 2. Nf3 d6 3. c3 Nf6 4. Bd3 Nc6 5. Bc2 Bd7 6. O-O g6 7. h3 Bg7 8. Re1 Rc8 9. d4 cxd4 10. cxd4 O-O 11. Nc3 h6 12. Rb1 a6 13. Qe2 Ne8 14. Be3 b5 15. Qd2 Kh7 16. Rbc1 Na5 17. b3 Bc6 18. Ne2 Bb7 19. d5 Nf6 20. Nfd4 Ba8 21. f3 Nb7 22. b4 Qd7 23. Bd3 Rxc1 24. Rxc1 Rc8 25. Rc6 Nc5 26. Rxc8 Qxc8 27. Qc2 Nfd7 28. Nb3 Bb7 29. bxc5 dxc5 30. Nxc5 1-0